LEADER 01253cam0-2200337---450- 001 990005808180403321 005 20131211134407.0 010 $a84-920305-0-X 035 $a000580818 035 $aFED01000580818 035 $a(Aleph)000580818FED01 035 $a000580818 100 $a19990604d1994----km-y0itay50------ba 101 0 $aspa 102 $aES 105 $a--------101yy 200 1 $aActas del III congreso de la Asociación hispánica de literatura medieval$e(Salamanca, 3 al 6 de octubre 1989)$fedición al cuidado de Maria Isabel Toro Pascua 210 $aSalamanca$cBiblioteca Española del Siglo XV, Departemento de literatura española e hispanoamericana$d1994 215 $a2 v.$d25 cm 610 0 $aLetteratura spagnola$aMedioevo$aCongressi$aSalamanca$a1989 676 $a860.9002 702 1$aToro Pascua,$bMaria Isabel 710 02$aAsociación Hispánica de Literatura Medieval$0387053 801 0$aIT$bUNINA$gRICA$2UNIMARC 901 $aBK 912 $a990005808180403321 952 $a860.9002 TOR 1(1)$bDip.f.m.7155/A$fFLFBC 952 $a860.9002 TOR 1(2)$bDip.f.m.7155/B$fFLFBC 959 $aFLFBC 996 $aActas del III congreso de la Asociación hispánica de literatura medieval$9568587 997 $aUNINA LEADER 01894nam 2200565 450 001 9910705772403321 005 20170616101649.0 035 $a(CKB)5470000002452681 035 $a(OCoLC)990184588 035 $a(EXLCZ)995470000002452681 100 $a20170616d1996 ua 0 101 0 $aeng 135 $aurbn||||||||| 181 $ctxt$2rdacontent 182 $cc$2rdamedia 183 $acr$2rdacarrier 200 10$aDSMC simulations of OREX entry conditions /$fJames N. Moss, Roop N. Gupta, Joseph M. Price 210 1$a[Washington, D.C.]:$cNational Aeronautics and Space Administration,$d[1996] 215 $a1 online resource (6 pages) $cillustrations 225 1 $aNASA-TM ;$v111621 320 $aIncludes bibliographical references (page 4). 517 3 $aDirect Simulation Monte Carlo simulations of Orbital Reentry Experiment entry conditions 606 $aMonte Carlo method$2nasat 606 $aReentry vehicles$2nasat 606 $aComputerized simulation$2nasat 606 $aSpace flight$2nasat 606 $aFlight simulation$2nasat 606 $aReentry effects$2nasat 606 $aAerodynamic heating$2nasat 606 $aPressure$2nasat 606 $aAcceleration (physics)$2nasat 615 7$aMonte Carlo method. 615 7$aReentry vehicles. 615 7$aComputerized simulation. 615 7$aSpace flight. 615 7$aFlight simulation. 615 7$aReentry effects. 615 7$aAerodynamic heating. 615 7$aPressure. 615 7$aAcceleration (physics) 700 $aMoss$b James N.$098120 702 $aGupta$b Roop N. 702 $aPrice$b Joseph M. 712 02$aUnited States.$bNational Aeronautics and Space Administration, 801 0$bGPO 801 1$bGPO 906 $aBOOK 912 $a9910705772403321 996 $aDSMC simulations of OREX entry conditions$93497619 997 $aUNINA